500 Fictional Characters MegaQuiz - Statistics

General Stats
  • This quiz has been taken 198 times
  • The average score is 260 of 500
Answer Stats
Clue Character % Correct
Outlaw archer who steals from the rich to give to the poor Robin Hood
97%
Tiny brown mouse who cleverly outwits Tom the cat Jerry Mouse
94%
Mermaid who dreams of life on land Ariel
91%
Princess who befriends seven dwarfs Snow White
91%
Young wizard with a lightning-shaped scar on his forehead Harry Potter
90%
Lion cub who just can't wait to be king Simba
90%
Wise little green Jedi Master with unusual speech patterns Yoda
90%
Grumpy green ogre who speaks in Scottish accent Shrek
89%
Jungle man raised by apes who swings on vines Tarzan
89%
Talking snowman created by Elsa’s magic, who dreams of summer Olaf
88%
Genius billionaire who becomes Iron Man Tony Stark
88%
Siblings who escape a witch’s gingerbread house in the forest Hansel and Gretel
87%
King of the gods of Olympus who hurls thunderbolts from the sky Zeus
87%
Friendly alien stranded on Earth who befriends a boy and must phone home E.T.
86%
Jungle boy raised by wolves and befriended by bears Mowgli
85%
Consulting detective at 221B Baker Street; famously wears a deerstalker hat Sherlock Holmes
85%
Superman’s mild-mannered alias Clark Kent
84%
Teenage hero who gains powers from a radioactive arachnid Spider-Man
84%
Eccentric chocolatier who hides golden tickets Willy Wonka
84%
Princess cursed to sleep until true love’s kiss Aurora
83%
Doll who is Barbie’s long-time boyfriend Ken
83%
Heart-seeking metal man from The Wizard of Oz Tin Man
83%
Lonely robot cleaning up a deserted Earth WALL-E
83%
Vampire count from Transylvania who walks by night and drinks blood Dracula
81%
Mythic flyer who soared too close to the sun Icarus
81%
Wakandan king in a vibranium cat suit Black Panther
79%
Boy who finds a genie in a lamp and wishes for love Aladdin
78%
Elephant whose oversized ears let him fly Dumbo
78%
Intelligent eight-year-old saxophonist and environmentalist on The Simpsons Lisa Simpson
78%
Wooden puppet whose nose grows when he lies Pinocchio
78%
Red-masked Ninja Turtle wielding twin sai weapons Raphael
78%
Red-nosed reindeer who saves Christmas Eve Rudolph
77%
Dark wizard of horcruxes whose name must not be spoken Lord Voldemort
76%
Mickey’s girlfriend, a polka-dotted-dress wearing mouse Minnie Mouse
76%
Boy who never grows up in Neverland Peter Pan
76%
Girl with extremely long hair who is kept in a tall tower Rapunzel
76%
Friendly ghost Casper
75%
Cat burglar Selina Kyle who is both foe and love-interest of Batman Catwoman
75%
Green-skinned powerhouse whose strength grows with anger Hulk
75%
Enormous giant ape brought from Skull Island to New York City King Kong
75%
Magical nanny with an umbrella and a song Mary Poppins
75%
Cheerful sea sponge who lives in a pineapple under the sea SpongeBob SquarePants
75%
Indestructible cyborg assassin sent back in time to kill Sarah Connor The Terminator
75%
8-foot-tall yellow bird on Sesame Street Big Bird
74%
Curious girl who falls down a rabbit hole into a whimsical, topsy-turvy world Alice
73%
Young woman whose fairy godmother sends her to a royal ball Cinderella
73%
Arrogant Slytherin rival of Harry Potter Draco Malfoy
73%
Mario’s taller, green-clad brother Luigi
73%
Spinach-eating sailor with massive forearms Popeye
73%
Gentle half-giant Hogwarts gamekeeper with love for magical creatures Rubeus Hagrid
73%
Batman villain obsessed with puzzles and question marks The Riddler
73%
God of thunder who wields the magical hammer Mjölnir Thor
73%
Ogre princess who falls in love with Shrek Fiona
72%
Lovable oaf father of Springfield, known for “D’oh!” and donuts Homer Simpson
72%
One-eyed allfather of the Norse gods Odin
72%
Affable yellow bear who loves honey and lives in the Hundred Acre Wood Winnie the Pooh
72%
Green dinosaur who helps Mario on adventures Yoshi
72%
Loyal Wookiee co-pilot of the Millennium Falcon Chewbacca
71%
Lazy orange tabby cat with a love of lasagna and disdain for Mondays Garfield
71%
Evil wizard obsessed with catching the Smurfs Gargamel
71%
Green frog Muppet who hosts a variety show, sings “Rainbow Connection” Kermit the Frog
71%
Iconic cartoon mouse with large circular ears from Steamboat Willie Mickey Mouse
71%
Young clownfish who gets captured, prompting a cross-ocean rescue Nemo
71%
Teen who becomes Spider-Man Peter Parker
71%
Friends character who is a paleontologist Ross Geller
71%
Clown-faced psychopathic supervillain and arch-nemesis of Batman The Joker
71%
High school chemistry teacher turned meth-cooking drug lord Walter White
71%
Legendary Greek hero of the Trojan War with only one weak spot Achilles
70%
Wise and powerful headmaster of Hogwarts who mentors Harry Albus Dumbledore
70%
Mickey's friend, a tall dog with distinct laugh and clumsy nature Goofy
70%
Boy king who drew Excalibur from a stone King Arthur
70%
Fearless reporter who loves Superman Lois Lane
70%
Jedi Knight who mentors both Anakin and, later, Luke Obi-Wan Kenobi
70%
Underdog boxer who rises to world champion Rocky Balboa
70%
Barber who murders clients and bakes them into pies Sweeney Todd
70%
Mischievous red-clad chipmunk who leads a trio Alvin
69%
Masked Sith Lord who was once Anakin Skywalker Darth Vader
69%
Sultry toon singer married to Roger Rabbit Jessica Rabbit
69%
Morbid daughter of the Addams Family Wednesday
69%
Avenger who can shrink to insect size Ant-Man
68%
Iconic fashion doll known for many careers and pink style Barbie
68%
Miser visited by three ghosts on Christmas Eve Ebenezer Scrooge
68%
Curious girl who tests porridge, chairs, and beds in a house of three bears Goldilocks
68%
Tree-like Guardian who only says three words Groot
68%
British archaeologist who explores tombs with her dual pistols Lara Croft
68%
Italian plumber who jumps and grows from mushrooms Mario
68%
Wise wizard and counselor to King Arthur, often depicted with a long beard Merlin
68%
Winged horse born from Medusa’s blood Pegasus
68%
Cheeky little pig who loves jumping in muddy puddles with her family Peppa Pig
68%
Hunchbacked bell ringer of Notre Dame Cathedral Quasimodo
68%
Astromech droid who beeps, whistles, and sometimes rides in an X-wing R2-D2
68%
Diabolical baby genius from Family Guy Stewie Griffin
68%
Tiny feisty fairy companion to Peter Pan Tinker Bell
68%
Princess who falls for a street thief with a magic lamp Jasmine
67%
Tiny timid pig who is Pooh’s best friend Piglet
67%
Energetic tiger with a springy tail who always bounces Tigger
67%
Kansas girl whisked away to Oz by tornado Dorothy Gale
66%
Arrogant hunter and town bully who courts Belle and fights the Beast Gaston
66%
Slimy gangster who enslaves Princess Leia Jabba the Hutt
66%
Small yellow henchmen (Kevin, Stuart, Bob) who speak gibberish Minions
66%
Electric Pokémon and Ash’s loyal companion; says only its name Pikachu
66%
Loyal hobbit gardener who accompanies Frodo to Mount Doom Samwise Gamgee
66%
Blue alien experiment who thinks chaos is fun, befriended by a Hawaiian girl Stitch
66%
Striped-shirt traveler with bobble hat, hidden in crowded scenes Waldo / Wally
66%
Amazon warrior princess with a magic lasso of truth Wonder Woman
66%
Orphaned deer with rabbit and skunk friends Bambi
65%
Mischievous skateboarding boy known to say “Eat my shorts!” Bart Simpson
65%
Teen who falls for a sparkly vampire Bella Swan
65%
Boy who visits Wily Wonka's chocolate factory with his grandfather Charlie Bucket
65%
Donald’s girlfriend, often seen wearing a bow and heels Daisy Duck
65%
Wisecracking, 4th-wall-breaking, superhealing antihero Deadpool
65%
Short-tempered anthropomorphic duck who wears a sailor shirt and cap Donald Duck
65%
Mad scientist who reanimates his man-made creature with electricity Frankenstein
65%
Jolly snowman brought to life by a magic hat Frosty the Snowman
65%
Silent, intelligent dog partner to Wallace Gromit
65%
God of the Underworld in Greek myth Hades
65%
Wily smuggler of the Millennium Falcon who joins the Rebellion Han Solo
65%
Seuss elephant who hears a tiny world on a clover Horton
65%
Tragic star-crossed lover from the Capulet family Juliet
65%
Girl in a red cape who encounters a wolf in the forest Little Red Riding Hood
65%
Farm boy of Tatooine turned Jedi Knight who helps fight the Empire Luke Skywalker
65%
Zany cartoon bunny framed for murder Roger Rabbit
65%
Montague family member doomed by family feud Romeo
65%
Kryptonian with super strength, flight, and heat vision Superman
65%
Cackling glider-riding nemesis of Spider-Man The Green Goblin
65%
Blue-gray housecat who endlessly chases Jerry the mouse Tom Cat
65%
Desert predator who never catches the Roadrunner Wile E. Coyote
65%
Mutant with retractable claws and a rapid healing factor Wolverine
65%
Caped Crusader of Gotham, billionaire Bruce Wayne in disguise Batman
64%
Dashing Enterprise commander who had TV's first interracial kiss Captain Kirk
64%
Barrel-throwing gorilla and Nintendo icon Donkey Kong
64%
Prehistoric quarry worker with a stone-age car Fred Flintstone
64%
Sardonic tiger who’s best friends with Calvin Hobbes
64%
Globetrotting archaeologist with a fedora and bullwhip Indiana Jones
64%
Blue-masked Ninja Turtle who wields katanas and leads the team Leonardo
64%
Mustached creature who speaks for the trees Lorax
64%
Teenager who travels to 1955 in a DeLorean Marty McFly
64%
Brave Polynesian teenager who sails the ocean to restore her people’s heart Moana
64%
Orphan who dared to ask for more Oliver Twist
64%
Half-Vulcan science officer of the Enterprise, famous for logic and pointy ears Spock
64%
Green recluse who steals Christmas from Whoville The Grinch
64%
Easygoing bear who teaches the “bare necessities” to Mowgli Baloo
63%
Wise-cracking gray rabbit who asks “What’s up, doc?” Bugs Bunny
63%
One-handed pirate captain, Peter Pan's archenemy Captain Hook
63%
Sarcastic friend on Friends who is roommates with Joey Chandler Bing
63%
Purple-masked tech wizard Ninja Turtle who fights with a bo staff Donatello
63%
Lonely woodcarver who builds Pinocchio Geppetto
63%
Hunched creature who calls the One Ring “my precious” Gollum
63%
Charismatic cannibalistic psychiatrist who helps catch criminals Hannibal Lecter
63%
Suave British spy with a license to kill James Bond
63%
Lovable actor who always asks “How you doin’?” Joey Tribbiani
63%
Traveler who visits lands of giants and tiny people Lemuel Gulliver
63%
Hawaiian girl who befriends an alien named Stitch Lilo
63%
Disguised father posing as a British nanny Mrs. Doubtfire
63%
Friends character with a haircut named after her Rachel Green
63%
The Boy Wonder, faithful sidekick to Batman Robin
63%
Sea witch who steals Ariel’s voice Ursula
63%
Reluctant hobbit who encounters Smaug and acquires the One Ring Bilbo Baggins
62%
Killer Good Guy doll possessed by murderer Charles Lee Ray Chucky
62%
Forgetful blue tang fish who helps Marlin search for Nemo Dory
62%
Grey wizard who guides the Fellowship of the Ring against Sauron Gandalf
62%
Gruff-sounding supervillain turned loving dad, with flock of yellow minions Gru
62%
Polite bear from Peru who lives in London and loves marmalade Paddington Bear
62%
Naive pink starfish who is SpongeBob’s best friend Patrick Star
62%
Quirky musician on Friends who composes "Smelly Cat" Phoebe Buffay
62%
Stuttering cartoon pig who ends shows with “That’s all, folks!” Porky Pig
62%
Rebel leader with cinnamon bun hair, the twin sister of Luke Princess Leia
62%
Fast bird who outsmarts Wile E. Coyote Roadrunner
62%
Jolly man in red who delivers gifts to children around the world at Christmas Santa Claus
62%
Blue hedgehog who runs at supersonic speeds Sonic the Hedgehog
62%
Scheming, overweight South Park troublemaker Eric Cartman
61%
Baby of the Simpson family who sucks on a pacifier Maggie Simpson
61%
Friend who is competitive chef obsessed with cleaning and control Monica Geller
61%
Shy motel owner with a murderous alter ego Norman Bates
61%
Mickey’s loyal pet dog, yellow-orange with a green collar Pluto
61%
Barry Allen, the fastest man alive The Flash
61%
Disfigured musical genius haunting an opera house, hiding behind a half-mask The Phantom
61%
Orange rock-skinned member of the Fantastic Four Thing
61%
Optimistic princess who endures trials to save her sister Elsa Anna
60%
Aussie bushman with a big knife Crocodile Dundee
60%
Eccentric scientist who invents a time machine out of a Delorian Emmett "Doc" Brown
60%
Powerful mutant who controls magnetism Magneto
60%
Yellow disk that eats dots in a maze while being chased by ghosts Pac-Man
60%
Potions Master at Hogwarts, seemingly villainous but perhaps not Severus Snape
60%
International Man of Mystery who is groovy British spy parody Austin Powers
59%
Space Ranger action figure who initially thinks he’s a real pilot Buzz Lightyear
59%
Super-strong Greek demi-god who completed twelve nearly impossible tasks Hercules
59%
Mafia patriarch who makes offers you can’t refuse Vito Corleone
59%
Picnic basket-stealing bear from Jellystone Park Yogi Bear
59%
Lion Christ-figure of Narnia Aslan
58%
Fretful golden protocol droid fluent in millions of languages C-3PO
58%
Super-soldier with indestructible shield who leads the Avengers Captain America
58%
Grinning vanisher of Wonderland Cheshire Cat
58%
Fur-obsessed villain who steals Dalmatian puppies Cruella de Vil
58%
Fastidious Belgian detective with a neat moustache Hercule Poirot
58%
Muggle-born witch, Harry’s brainy best friend Hermione Granger
58%
Free-spirited boy who floats down the Mississippi River with a runaway slave Huckleberry Finn
58%
Hockey-masked killer from Friday the 13th Jason Voorhees
58%
Blue-haired matriarch of the Simpsons family Marge Simpson
58%
Snake-haired Gorgon whose gaze can turn people to stone Medusa
58%
Nerdy blue-haired best friend of Bart Simpson Milhouse Van Houten
58%
Brave woman who disguises herself as a soldier Mulan
58%
Popeye’s lanky, long-suffering sweetheart Olive Oyl
58%
Harry’s loyal red-haired wizard friend who often provides comic relief Ron Weasley
58%
Anxious, perpetually hungry friend of Scooby-Doo who says "Zoinks!" Shaggy
58%
Greedy dragon guarding a mountain of gold Smaug
58%
Musician who lured rats—and children—away The Pied Piper
58%
Little dog who travels to Oz with Dorothy Toto
58%
Yellow canary who outsmarts Sylvester the cat Tweety
58%
Callsign of fighter pilot Peter Mitchell, who has the need for speed Maverick
57%
Talking Great Dane who solves mysteries with his teenage friends Scooby-Doo
57%
Wealthy duck swimming in his money bin Scrooge McDuck
57%
Eccentric tea-party host from Alice in Wonderland The Mad Hatter
57%
Charismatic anarchist who starts an underground fight club Tyler Durden
57%
Black alien symbiote who bonds with Spider-Man’s rival Venom
57%
Girl who flies to Neverland and acts as a motherly figure to the Lost Boys Wendy Darling
57%
Highly skilled spy and martial artist Natasha Romanoff Black Widow
56%
Loyal yellow Transformer who communicates through radio Bumblebee
56%
Hobbit of the Shire who bears the burden of the One Ring Frodo Baggins
56%
Genius businessman who is Superman’s archenemy Lex Luthor
56%
Royalty of the Mushroom Kingdom often kidnapped by Bowser Princess Peach
56%
Red crab who lives under the sea Sebastian
56%
Eccentric pet detective with wild hair and louder shirts Ace Ventura
55%
Chicago teen who masters the art of skipping school Ferris Bueller
55%
Joker’s chaotic psychiatrist-turned-partner in crime Harley Quinn
55%
Hyperactive blue mouse who torments Scratchy on TV Itchy
55%
Insect who tells Pinocchio to let conscience be his guide Jiminy Cricket
55%
Dreamy Ravenclaw who sees invisible creatures Luna Lovegood
55%
Silent masked killer from Halloween Michael Myers
55%
Pizza-loving Ninja Turtle with orange mask and nunchaku Michelangelo
55%
Noble lion king who teaches his son about legacy Mufasa
55%
Mythic hunter with belt placed among the stars Orion
55%
Flatulent warthog who befriends Simba in the jungle Pumbaa
55%
Only female Smurf in the village Smurfette
55%
Wisecracking meerkat who teaches “Hakuna Matata” Timon
55%
Magical fairy who trades money for a children's lost teeth Tooth Fairy
55%
Brainy mystery-solver who always loses her glasses Velma Dinkley
55%
Volleyball companion lost with Tom Hanks on an island Wilson
55%
Cowboy pull-string doll who leads Andy’s toys Woody
55%
Marvel's day-walking vampire hunter with silver and sunglasses Blade
54%
FBI trainee who questions Lecter and hunts Buffalo Bill Clarice Starling
54%
Calm-voiced AI computer in 2001 HAL 9000
54%
Teen pop star living a secret double life Hannah Montana
54%
Mischievous young rabbit who sneaks into Mr. McGregor’s garden Peter Rabbit
54%
Waitress turned warrior against killer machines from the future Sarah Connor
54%
Oblivious Kazakh reporter on absurd American journey Borat
53%
California teen chosen to slay vampires nightly Buffy Summers
53%
Zany black duck with lisp who often competes with Bugs Bunny Daffy Duck
53%
Brooding vampire who sparkles in sunlight Edward Cullen
53%
Telekinetic girl who escapes a lab in Stranger Things Eleven
53%
Space officer who battles a chest-bursting alien aboard the Nostromo Ellen Ripley
53%
Hockey player turned explosive golf champion Happy Gilmore
53%
Archer heroine who volunteers for deadly games to save her sister Katniss Everdeen
53%
Loyal collie who always saves the day Lassie
53%
Stretchy leader of the Fantastic Four Mister Fantastic
53%
Eyepatched leader who assembles the Avengers Nick Fury
53%
Wordless pink cartoon cat with jazzy music Pink Panther
53%
Cyborg police officer enforcing justice in Detroit RoboCop
53%
Energetic rabbit friend of Bambi Thumper
53%
Blind lawyer Matt Murdock who fights crime in Hell’s Kitchen Daredevil
52%
Stern Hogwarts professor who transforms into a cat Minerva McGonagall
52%
Cunning Greek hero who journeyed home from Troy Odysseus / Ulysses
52%
Queen turned senator and mother of Luke and Leia Padmé Amidala
52%
Gotham City crime boss Oswald Cobblepot who carries an umbrella Penguin
52%
Male duo who share a room on Sesame Street Bert and Ernie
51%
Griffin family's martini-drinking talking dog Brian
51%
Red Sesame Street monster with falsetto voice who speaks in third person Elmo
51%
Master archer Clint Barton of the Avengers Hawkeye
51%
Genius billionaire in a powered armor suit that can fly and shoot beams Iron Man
51%
Eccentric dreadlocked pirate captain who is obsessed with rum Jack Sparrow
51%
Trash can-dwelling grump from Sesame Street Oscar the Grouch
51%
Noble lawyer of To Kill a Mockingbird Atticus Finch
50%
Mandalorian bounty hunter with jetpack hunting the Millennium Falcon Boba Fett
50%
Self-destructive sitcom star who is literally a horse BoJack Horseman
50%
Tarantino's freed slave turned gunslinging bounty hunter Django
50%
Queen who accidentally curses her kingdom with eternal winter Elsa
50%
Simple man who unknowingly shapes American history Forrest Gump
50%
Incredibles superhero who freezes things and slides on ice Frozone
50%
Clumsy Gungan sidekick despised by many fans Jar Jar Binks
50%
Retired hitman avenging his murdered dog John Wick
50%
Hotshot red racecar who learns about friendship in a sleepy desert town Lightning McQueen
50%
Trickster god of mischief known for shape-shifting Loki
50%
Evil fairy who curses Princess Aurora to eternal sleep Maleficent
50%
Overly cheerful Christian neighbor from The Simpsons Ned Flanders
50%
Orange-skinned factory worker(s) who sings moral lessons Oompa Loompa
50%
Arrogant 1970s news anchor with a glorious mustache Ron Burgundy
50%
Dark Lord whose eye watches over Mordor Sauron
50%
Hardworking waitress who kisses a frog prince Tiana
50%
Sickly child who says “God bless us, everyone!” Tiny Tim
50%
Cursed prince turned fearsome creature, who learns love Beast
49%
Loveable loser kid with friends Linus and Peppermint Patty Charlie Brown
49%
Forensic analyst who moonlights as a serial killer Dexter Morgan
49%
Princess of Hyrule who aids Link in defeating evil Princess Zelda
49%
Panicky bird who cries sky-fall Chicken Little
48%
Witty heroine of Pride and Prejudice who clashes with Mr. Darcy Elizabeth Bennet
48%
Elven archer and member of the Fellowship Legolas
48%
Sailor of the seven seas who braves monsters and storms Sinbad
48%
Titan seeking to snap half the universe away Thanos
48%
Kwik-E-Mart owner on The Simpsons Apu Nahasapeemapetilon
47%
Justice League's King of Atlantis who can communicate with sea life Aquaman
47%
Leather-jacketed cool guy from Happy Days Arthur Fonzarelli
47%
Kind-hearted book-loving girl who befriends a cursed prince Belle
47%
Bully who is the archrival of George McFly and Marty McFly Biff Tannen
47%
Prideful gentleman who falls for Elizabeth Bennet Fitzwilliam Darcy
47%
Dwarf warrior of the Fellowship Gimli
47%
Hunchbacked assistant to mad scientists everywhere Igor
47%
50-foot-tall metal-eating robot from space who befriends a boy Iron Giant
47%
Tragic Shakespeare king undone by his three daughters King Lear
47%
Regional manager of the Dunder Mifflin Scranton branch Michael Scott
47%
Tony Stark’s brilliant assistant and love interest Pepper Potts
47%
Big lovable panda trained in kung fu who is always hungry Po
47%
Paralyzed telepathic leader of the X-Men who runs a school for mutants Professor X
47%
Defoe's shipwrecked sailor surviving alone on an island Robinson Crusoe
47%
Corrupted white wizard serving Sauron Saruman
47%
Imaginative beagle who often pretends to be a World War I flying ace Snoopy
47%
Wise rat sensei who trained the Ninja Turtles Splinter
47%
Powerful android Avenger created from an Infinity Stone Vision
47%
Masked vigilante with sword who defends the downtrodden in colonial California Zorro
47%
Hard-edged San Francisco cop: "Go ahead, make my day" Harry Callahan
46%
Personification of winter who nips at noses Jack Frost
46%
Horned demon who punishes naughty children at Christmas Krampus
46%
Goofy yellow dog who is, at times, Garfield's friend Odie
46%
Always late, this nervous rodent leads Alice on her adventure White Rabbit
46%
The Fellowship's ranger-turned-king of Gondor Aragorn
45%
Trainer from Pallet Town aiming to be Pokémon Master Ash Ketchum
45%
British diarist balancing wine, work, and romance Bridget Jones
45%
Obsessed captain hunting the white whale Captain Ahab
45%
Hairy relative from The Addams Family Cousin Itt
45%
Burn victim dream killer with a bladed glove Freddy Krueger
45%
Spanish swordsman avenging his father’s death Inigo Montoya
45%
Russian boxer who vows to break Rocky Ivan Drago
45%
Pumpkin King of Halloween Town who tries to take over Christmas Jack Skellington
45%
Kid who defends his home from the Wet Bandits using wild traps Kevin McCallister
45%
Smooth gambler turned Rebel general from Star Wars Lando Calrissian
45%
Hacker Thomas Anderson, who learns he is “The One” Neo
45%
Trans-dimensional entity who preys upon the children of Derry, Maine Pennywise
45%
Modern demigod son of Poseidon Percy Jackson
45%
Armored ninja enemy of the Teenage Mutant Ninja Turtles Shredder
45%
Time-traveling alien with a British accent; regenerates into new forms The Doctor
45%
Sleazy bio-exorcist ghost who loves being called thrice Beetlejuice
44%
Cartoon flapper with curls, lashes, and jazz sass Betty Boop
44%
Leader of the Autobots who can transform into a semi truck Optimus Prime
44%
Fire-breathing Koopa King who repeatedly kidnaps Princess Peach Bowser
43%
Elegant West German thief who takes over Nakatomi Plaza Hans Gruber
43%
Native American werewolf fighting for Bella's love Jacob Black
43%
Amnesiac assassin hunted by his own agency Jason Bourne
43%
Jaded TV clown from The Simpsons Krusty the Clown
43%
Ruthless leader of the Decepticons, archenemy of Optimus Megatron
43%
Rat who dreams of becoming a French chef Remy
43%
Mythic hero who slays the monster Grendel Beowulf
42%
Submarine captain of the Nautilus Captain Nemo
42%
Hunter forever chasing “wabbits” Elmer Fudd
42%
Bumbling French detective from The Pink Panther Jacques Clouseau
42%
Tragic killer who tests victims with deadly puzzles Jigsaw
42%
Charming candelabra who sings “Be Our Guest” Lumière
42%
Mentor who frees Neo from the Matrix illusion Morpheus
42%
Lioness who becomes Simba’s queen Nala
42%
Romantic skunk who mistakes cats for skunks Pepé Le Pew
42%
Goddess of love and beauty from Roman myth Venus
42%
Karate underdog trained by Mr. Miyagi Daniel LaRusso
41%
Delusional knight who tilts at windmills Don Quixote
41%
Pompous radio shrink with refined tastes Frasier Crane
41%
Gigantic prehistoric sea monster awakened by nuclear radiation Godzilla
41%
Tough NYPD officer who battles terrorists in a skyscraper while barefoot John McClane
41%
Hamlet’s tragic lover who drowns in madness Ophelia
41%
Rock-loving school bus driver from The Simpsons Otto Mann
41%
Fearsome Bengal tiger who wants to hunt the man-cub Mowgli Shere Khan
41%
Mario character with a mushroom head...or is it a hat? Toad
41%
Miserable shoe salesman from Chicago...with children Al Bundy
40%
Olympian god of archery, music, light, poetry, and more Apollo
40%
Blue puppet named after the food he loves most Cookie Monster
40%
Masked cowboy hero riding his horse Silver The Lone Ranger
40%
Greedy, garlic-loving antithesis of Mario Wario
40%
First flashy heavyweight champ who fought Rocky Balboa Apollo Creed
39%
Energetic blue heeler puppy from Australia Bluey
39%
Assistant at Dunder Mifflin who also farms beets Dwight Schrute
39%
Sarcastic red parrot sidekick to Jafar Iago
39%
Wrathful villain who battles Captain Kirk Khan
39%
Hero of Hyrule, a green-clad elf boy wielding a sword and shield Link
39%
Giant lumberjack with a blue ox named Babe Paul Bunyan
39%
Doomed man forced to roll a boulder forever Sisyphus
39%
Always-hungry green ghost who leaves ectoplasmic goo everywhere Slimer
39%
Warrior princess with a battle cry and chakram Xena
39%
X-Man who fires optic blasts from his visor Cyclops
38%
Mouth-less white cat with a red bow; icon of “kawaii” culture Hello Kitty
38%
Walter White’s ex-student partner in crime who often says “yo” and “bitch” Jesse Pinkman
38%
Outspoken grandmother played by Tyler Perry Madea Simmons
38%
Scottish princess archer who defies tradition Merida
38%
Nervous teen sidekick to his mad scientist grandpa Morty Smith
38%
Cocaine kingpin from Cuba who yells “Say hello to my little friend!” Tony Montana
38%
Imaginative boy with tiger friend Calvin
37%
Mother of dragons, breaker of chains Daenerys Targaryen
37%
Southern beauty in short shorts and fast cars Daisy Duke
37%
Emotionless android officer from Star Trek: TNG Data
37%
Neurotic, bald schemer from Seinfeld George Costanza
37%
Hooded vigilante archer from DC Comics Green Arrow
37%
Mutant who has the power to freeze water Iceman
37%
Jedi master who discovered Anakin Skywalker Qui-Gon Jinn
37%
Shape-shifting liquid metal assassin sent by Skynet T-1000
37%
Preppy dancer from Fresh Prince Carlton Banks
36%
Eccentric neighbor on Seinfeld Cosmo Kramer
36%
Southern belle who survives the Civil War Scarlett O’Hara
36%
Level-headed central character from South Park Stan Marsh
36%
Witty, wine-loving dwarf nobleman from Game of Thrones Tyrion
36%
Loudmouthed Southern rooster who loves to talk big Foghorn Leghorn
35%
Muscular defender of Castle Grayskull with a magic sword He-Man
35%
Freckled girl with super strength and wild braids Pippi Longstocking
35%
Young girl who transforms into a magical sailor warrior to fight evil Sailor Moon
35%
Mischievous boy who tricks others into whitewashing a fence Tom Sawyer
35%
Taxi driver pushed to violent vigilante madness Travis Bickle
35%
Laughing red-headed bird who annoys everyone Woody Woodpecker
35%
Crude, booze-powered robot from Futurama Bender
34%
Tentacled cosmic god of madness beneath the sea Cthulhu
34%
Radiant elf queen wielding immense ancient wisdom Galadriel
34%
Hat-throwing henchman from Goldfinger Oddjob
34%
Diplomatic starship captain who loves Earl Grey Jean-Luc Picard
33%
Sadistic boy-king from Game of Thrones Joffrey Baratheon
33%
Lisa Simpson's classmate, a slow, sweet kid who speaks in non-sequiturs Ralph Wiggum
33%
Cynical nightclub owner in wartime Casablanca Rick Blaine
33%
Pink, round hero who can inhale enemies and copy their abilities Kirby
32%
Thief who discovers a bandit’s treasure cave by uttering “Open Sesame” Ali Baba
31%
Banker wrongfully imprisoned at Shawshank Andy Dufresne
31%
French Gaul with a magic potion Asterix
31%
Cosmo-sipping columnist writing about sex and the city Carrie Bradshaw
31%
Dim model famous for “Blue Steel” Derek Zoolander
31%
Wields a power ring that can create any object the wearer imagines Green Lantern
31%
Crime lord who suspect Verbal Kint is interrogated about Keyser Söze
31%
Elderly spinster sleuth from St. Mary Mead who solves village murders Miss Marple
31%
Silent English bumbler with teddy bear known for facial expressions Mr. Bean
31%
Egyptian god of death and resurrection Osiris
31%
Traveler who circled the world in eighty days Phileas Fogg
31%
Rock-loving slacker with cable access show Wayne Campbell
31%
Black panther who mentors and protects Mowgli Bagheera
30%
Fame-hungry Austrian fashion reporter from Borat creator Brüno
30%
Encounters the Headless Horseman in Sleepy Hollow Ichabod Crane
30%
Harry's dumb but sweet road-trip buddy from Dumb and Dumber Lloyd Christmas
30%
Polynesian trickster demigod with giant magical fish hook Maui
30%
Cuban bandleader married to Lucy on TV Ricky Ricardo
30%
Laid-back bowler who abides The Dude
30%
Dim-witted moose in pun-filled cartoon duo Bullwinkle J. Moose
29%
Patriarch of The Cosby Show Cliff Huxtable
29%
Nervous fish friend of Ariel in The Little Mermaid Flounder
29%
Gentle giant who carries Bran and can only say his own name Hodor
29%
Wealthy dreamer on Long Island who pines for a lost love Jay Gatsby
29%
Tiny caped rodent superhero who saves the day in song Mighty Mouse
29%
The Moor of Venice, a noble general destroyed by jealousy and deceit Othello
29%
Charming rogue: “Frankly, my dear, I don’t give a damn” Rhett Butler
29%
Sheriff leading survivors of a zombie apocalypse Rick Grimes
29%
Hot-tempered animated cowboy with giant mustache and guns Yosemite Sam
29%
Immature man repeating grade school to inherit fortune Billy Madison
28%
Oversized Great Dane who causes cheerful chaos in comic strip Marmaduke
28%
Enormous joyful mascot who sells canned vegetables The Jolly Green Giant
28%
Accident-prone handyman from Home Improvement Tim Taylor
28%
TV's green clay hero with flexible body Gumby
27%
Pizza delivery boy frozen for a thousand years Philip J. Fry
27%
Loyal squire to Don Quixote’s delusions Sancho Panza
27%
Intrepid young reporter traveling the world with Snowy Tintin
27%
Fire-type starter Pokémon Charmander
26%
Rescue Ranger or teacup, take your pick Chip
26%
Suave ad man on Mad Men Don Draper
26%
Stand-up comic bear with endless bad jokes Fozzie Bear
26%
Awkward Idaho teen who dances his way to glory Napoleon Dynamite
26%
Klingon officer who serves aboard the Enterprise Worf
26%
Perfectly polite butler who saves his foolish master Jeeves
25%
Giant Gaul who fell into a magic potion as a child Obelix
25%
Sword-swinging Cimmerian warrior Conan the Barbarian
24%
Spiky-haired Saiyan warrior who trains to ever greater heights Goku
24%
Treasure-hunting pirate with peg leg and pirate named Captain Flint Long John Silver
24%
Halo's Spartan super-soldier, Petty Officer John-117 Master Chief
24%
Nerdy neighbor who asks, “Did I do that?” Steve Urkel
24%
Animated aardvark who lives in Elwood City in long-running series Arthur
23%
Cynical misanthrope who owns titular hotel in Torquay Basil Fawlty
22%
Early animated black cat with a magic bag Felix the Cat
22%
Alienated teenager critical of the “phonies” in society Holden Caulfield
22%
Straw-hat pirate captain who stretches like rubber after eating magic fruit Monkey D. Luffy
22%
Cryomancer ninja who freezes his opponents Sub-Zero
22%
Great Depression drifter from The Grapes of Wrath Tom Joad
22%
Giant, gentle, gray forest spirit who rides a bus-shaped cat Totoro
22%
Early manga hero: boy robot with jet boots and kind heart Astro Boy
20%
The A-Team's mechanic with African Mandinka warrior hairstyle B.A. Baracus
20%
Eco-superhero summoned by five rings Captain Planet
20%
Fuzzy creature that becomes a Gremlin if fed after midnight Mogwai
20%
Marvel's tragic scientist turned vampire antihero Morbius
20%
Dopey Canadian Mountie who always saves the day Dudley Do-Right
19%
King of the Gerudo and main villain in The Legend of Zelda Ganondorf
19%
Red echidna who guards the Master Emerald Knuckles
19%
Uses a cursed notebook to enact his sense of justice Light Yagami
17%
Tattooed hacker seeking revenge and justice Lisbeth Salander
17%
Bald eunuch nicknamed "The Spider" who is master of whisperers Varys
17%
Trench-coated hound who says “Take a bite out of crime” McGruff the Crime Dog
16%
Stan's overzealous father on South Park Randy Marsh
16%
Interdimensional destroyer summoned by the Keymaster and Gatekeeper Gozer
15%
Energetic ninja teen who wants to be Hokage; sports whisker marks Naruto Uzumaki
15%
Atticus Finch's reclusive neighbor rumored to be a monster Boo Radley
14%
African folklore: cunning spider-trickster Anansi
13%
Rogue officer in the jungle of Southeast Asia Colonel Kurtz
13%
Brain-like alien inside a giant robot body Krang
12%
Sarcastic schemer across English history Edmund Blackadder
10%
Irish fishmonger immortalized in a famous song Molly Malone
10%
Blue robotic cat from the future with a 4D pocket of magical gadgets Doraemon
8%
No matching quizzes found
Score Distribution
Percent of People with Each Score
Percentile by Number Answered
Your Score History
You have not taken this quiz